Billboard Greatest of All Time Hot 100 Songs by Women - Statistics

General Stats
  • This quiz has been taken 1,257 times
  • The average score is 54 of 100
Answer Stats
# Song Artist % Correct
86 Poker Face Lady Gaga
95%
62 Just Dance Lady Gaga feat. Colby O'Donis
95%
38 Like A Virgin Madonna
95%
63 Vogue Madonna
95%
88 Crazy For You Madonna
95%
89 Take A Bow Madonna
95%
12 Rolling In The Deep Adele
93%
44 Someone Like You Adele
93%
16 I Will Always Love You Whitney Houston
92%
85 I Wanna Dance With Somebody (Who Loves Me) Whitney Houston
92%
67 Firework Katy Perry
90%
33 Dark Horse Katy Perry feat. Juicy J
90%
52 E.T. Katy Perry feat. Kanye West
90%
75 California Gurls Katy Perry feat. Snoop Dogg
90%
46 Shake It Off Taylor Swift
90%
49 Irreplaceable Beyonce
89%
77 Crazy In Love Beyonce feat. Jay Z
89%
66 Baby Boy Beyonce feat. Sean Paul
89%
18 TiK ToK Ke$ha
78%
20 Royals Lorde
78%
15 No One Alicia Keys
74%
54 Fallin' Alicia Keys
74%
98 Empire State Of Mind Jay-Z + Alicia Keys
74%
65 My Boo Usher & Alicia Keys
74%
82 Hollaback Girl Gwen Stefani
73%
14 Call Me Maybe Carly Rae Jepsen
71%
10 We Found Love Rihanna feat. Calvin Harris
71%
23 All About That Bass Meghan Trainor
70%
2 Physical Olivia Newton-John
70%
91 What's Love Got To Do With It Tina Turner
70%
4 We Belong Together Mariah Carey
67%
64 Love Takes Time Mariah Carey
67%
68 Vision Of Love Mariah Carey
67%
84 Fantasy Mariah Carey
67%
100 Emotions Mariah Carey
67%
39 I Will Survive Gloria Gaynor
64%
13 One Sweet Day Mariah Carey & Boyz II Men
64%
30 Nothing Compares 2 U Sinead O'Connor
64%
51 Walk Like An Egyptian The Bangles
64%
55 Creep TLC
64%
59 Waterfalls TLC
64%
50 Total Eclipse Of The Heart Bonnie Tyler
63%
22 I Love Rock 'n Roll Joan Jett & The Blackhearts
63%
73 Islands In The Stream Kenny Rogers & Dolly Parton
60%
45 Because You Loved Me Celine Dion
55%
90 Love Child Diana Ross & The Supremes
55%
29 You're So Vain Carly Simon
54%
26 Upside Down Diana Ross
54%
7 Endless Love Diana Ross & Lionel Richie
54%
17 Call Me (Theme from American Gigolo) Blondie
51%
35 Big Girls Don't Cry Fergie
51%
28 Hot Stuff Donna Summer
49%
69 Bad Girls Donna Summer
49%
19 The Sign Ace of Base
48%
36 The Way We Were Barbra Streisand
47%
56 Evergreen (Love Theme From "A Star Is Born") Barbra Streisand
47%
61 Woman In Love Barbra Streisand
47%
41 Independent Women Part I Destiny's Child
47%
95 Promiscuous Nelly Furtado feat. Timbaland
47%
40 Bleeding Love Leona Lewis
44%
5 Un-Break My Heart Toni Braxton
43%
74 You're Makin' Me High Toni Braxton
43%
99 Half-Breed Cher
42%
9 Le Freak Chic
42%
27 You're Still the One Shania Twain
42%
25 That's What Friends Are For Dionne & Friends feat. Elton John, Gladys Knight & Stevie Wonder
41%
11 Flashdance...What A Feeling Irene Cara
41%
32 Killing Me Softly With His Song Roberta Flack
41%
43 The First Time Ever I Saw Your Face Roberta Flack
41%
24 Rush Rush Paula Abdul
40%
97 Straight Up Paula Abdul
40%
21 The Boy Is Mine Brandy & Monica
39%
70 Miss You Much Janet Jackson
39%
93 Escapade Janet Jackson
39%
6 Bette Davis Eyes Kim Carnes
39%
47 Breathe Faith Hill
38%
81 (They Long To Be) Close To You Carpenters
35%
76 Don't Go Breaking My Heart Elton John & Kiki Dee
35%
31 Family Affair Mary J. Blige
35%
80 Alone Heart
32%
79 From A Distance Bette Midler
30%
92 Midnight Train To Georgia Gladys Knight & The Pips
30%
78 It's Too Late/I Feel The Earth Move Carole King
27%
57 I'm Real Jennifer Lopez feat. Ja Rule
27%
37 Do That To Me One More Time Captain & Tennille
24%
83 Love Will Keep Us Together Captain & Tennille
24%
1 How Do I Live LeAnn Rimes
22%
72 Hold On Wilson Phillips
22%
8 Foolish Games/You Were Meant For Me Jewel
19%
71 To Sir With Love Lulu
19%
58 Goodies Ciara feat. Petey Pablo
18%
3 You Light Up My Life Debby Boone
17%
42 Foolish Ashanti
15%
87 On My Own Patti LaBelle & Michael McDonald
15%
48 I'm Sorry Brenda Lee
8%
34 Best Of My Love The Emotions
8%
96 Ode To Billie Joe Bobbie Gentry
7%
60 Boogie Oogie Oogie A Taste Of Honey
6%
94 Separate Lives (theme From "White Nights") Phil Collins & Marilyn Martin
4%
53 To Know Him, Is To Love Him The Teddy Bears
2%
No matching quizzes found
Score Distribution
Percent of People with Each Score
Percentile by Number Answered
Your Score History
You have not taken this quiz